Un tesoro escondido. Las parábolas de Jesús

保存先:
書誌詳細
第一著者: Aleixandre Parra, Dolores (著者)
フォーマット: 図書
言語:スペイン語
出版事項: Cuernavaca, México Obra Nacional de la Buena Prensa A.C 2018
シリーズ:Colección Dolores Aleixandre
主題:
タグ: タグ追加
タグなし, このレコードへの初めてのタグを付けませんか!

MARC

LEADER 00000cam a2200000 a 4500
001 UCC8286
003 CL-VaPUC
005 20241128160125.0
008 190617e20180000mx |||||||||||||||||spa|d
999 |c 374636  |d 374634 
020 |a 9786078565658 
040 |c Pontificia Universidad Católica de Valparaíso 
082 0 4 |a 248.29 ALE 2018  |2 21 
100 0 |a Aleixandre Parra, Dolores  |e author  |9 602940 
245 1 3 |a Un tesoro escondido.   |b Las parábolas de Jesús 
260 |a Cuernavaca, México  |b Obra Nacional de la Buena Prensa A.C  |c 2018 
300 |a 254 páginas  
440 |a Colección Dolores Aleixandre  |9 856750 
583 |a last modification  |c 20190719 04:45:29  |k Rodrigo Vera 
600 0 |a Jesús  |9 313614 
650 0 |a Experiencia religiosa  |9 315549 
650 0 |a Parábolas  |9 313604 
852 |a BIBCUR 
942 |c BK  |2 ddc 
945 |d 20190617 11:18:00  |a dcastane 
952 |0 0  |1 0  |2 ddc  |3 erb  |4 0  |6 248_290000000000000_ALE_2018  |7 0  |8 A  |9 493262  |a BIBTEO  |b BIBTEO  |d 2019-06-07  |e 8  |g 12834.00  |i 5551684  |o 248.29 ALE 2018  |p 5551684  |r 2025-01-17  |v 12834.00  |w 2019-11-24  |y BK  |z Catalogado en:20190617  |k ICR